000 01000cab a2200193 4500
001 L136136
008 070115n2006 000 0 eng u
035 _a(Sirsi) u136136
041 _aeng
245 0 0 _aLiaquat Ali v. Robert Lane and another
260 _c2006
520 _a[2006] EWCA Civ 1532, 21st November 2006. The appellant landowners appealed against a decision finding in favour of the respondent in relation to the precise line of boundary between the parties' land. The appellant also applied to introduce new evidence. "Held": it was decided that, as the earliest conveyance relating to the land was from 1947 the new evidence could not be admitted.
590 _aKA
650 2 4 _aLIAQUAT ALI V. ROBERT LANE AND ANOTHER
651 4 _aEngland and Wales
_y1543-
690 _aPROPERTY-PROPERTY MANAGEMENT-BOUNDARY DETERMINATION-BOUNDARIES
856 4 0 _uhttps://www.bailii.org/ew/cases/EWCA/Civ/2006/1532.html
_z View the judgement free of charge at www.bailii.org...
942 _n0
999 _c78147
_d78147